| 000 | 00682cam a2200265I 4500 | ||
|---|---|---|---|
| 999 |
_c9136 _d9136 |
||
| 001 | 9136 | ||
| 003 | BD-JhCC | ||
| 005 | 20181204101014.0 | ||
| 008 | 781110s1952 enk 000 0 eng c | ||
| 029 | 1 |
_aUKM _bb5206227 |
|
| 035 |
_aCONN419727 _a(BD-JhCC)9136 |
||
| 035 | _aocm04364783 | ||
| 035 | _a65815 | ||
| 040 |
_aColombia Univ _cIRU _dUKM _dBD-JhCC |
||
| 041 | _aeng | ||
| 082 | 0 | 4 |
_a821.912 _218 _bDUR 1952 |
| 090 |
_aPN6099 _b.D87 |
||
| 100 | 1 | _aDurrell, Lawrence. | |
| 245 | 1 | 0 |
_aKey to modern poetry / _cLawrence Durrell, |
| 260 |
_a[London] _bP. Nevill _c[1952] |
||
| 300 |
_axii, 209 p. _c22 cm. |
||
| 650 | 0 | _aPoetry, Modern. | |
| 942 |
_2ddc _cBK |
||